000 01110nam a22002537a 4500
005 2008063008508.0
008 080618t xxu||||| |||| 00| 0 eng d
010 _aENG-90418-19
020 _c1595.00 (set of 2 vols.)
_a8131303764 (set)
035 _aEN-73951-52
037 _bDBAD / PUB
040 _aDPL
_bEN
082 _a363.70068
100 _aKhitoliya, R.K.
245 _aEnvironmental management & conservation /
_cby R.K. Khitoliya
260 _aNew Delhi
_bAPH Publishing Corporation
_c2008
260 _a
_b
270 _a4435-36/7, Ansri Road, Darya Ganj,
_bNew Delhi
_e110002
300 _a2V (vi, 350p.; vi, 351-638p.)
_c23 cm (Hb)
500 _aIncludes index
942 _cEN
_h363.70068
_2ddc
_m KHI
999 _c14093
_d14093